<?xml version="1.0" encoding="UTF-8"?>
<record
    xmlns:xsi="http://www.w3.org/2001/XMLSchema-instance"
    xsi:schemaLocation="http://www.loc.gov/MARC21/slim http://www.loc.gov/standards/marcxml/schema/MARC21slim.xsd"
    xmlns="http://www.loc.gov/MARC21/slim">

  <leader>02317nam a2200217 a 4500</leader>
  <controlfield tag="001">000032088</controlfield>
  <controlfield tag="005">20260312134858.0</controlfield>
  <controlfield tag="008">110119s1888    dr            000 0 spa d</controlfield>
  <datafield tag="040" ind1=" " ind2=" ">
    <subfield code="a">DO-SdBNP</subfield>
    <subfield code="b">spa</subfield>
    <subfield code="c">BNPHU</subfield>
  </datafield>
  <datafield tag="082" ind1=" " ind2=" ">
    <subfield code="a">177</subfield>
    <subfield code="b">H831m,1888</subfield>
  </datafield>
  <datafield tag="100" ind1="1" ind2=" ">
    <subfield code="a">Hostos, Eugenio Mar&#xED;a de,</subfield>
    <subfield code="d">1839-1903</subfield>
    <subfield code="9">1352</subfield>
  </datafield>
  <datafield tag="245" ind1="1" ind2="0">
    <subfield code="a">Moral social /</subfield>
    <subfield code="c">Eugenio Mar&#xED;a de Hostos.</subfield>
  </datafield>
  <datafield tag="260" ind1=" " ind2=" ">
    <subfield code="a">Santo Domingo :</subfield>
    <subfield code="b">La Sociedad de Ense&#xF1;anza de Santo Domingo,</subfield>
    <subfield code="c">1888.</subfield>
  </datafield>
  <datafield tag="300" ind1=" " ind2=" ">
    <subfield code="a">262 p. ;</subfield>
    <subfield code="c">18 cm.</subfield>
  </datafield>
  <datafield tag="500" ind1=" " ind2=" ">
    <subfield code="a">T&#xED;tulo tomado de la cubierta</subfield>
  </datafield>
  <datafield tag="504" ind1=" " ind2=" ">
    <subfield code="a">Incluye referencias bibliogr&#xE1;ficas y notas al pie de las p&#xE1;ginas.</subfield>
  </datafield>
  <datafield tag="505" ind1="0" ind2=" ">
    <subfield code="t">Relaciones y deberes --</subfield>
    <subfield code="t">La sociedad y sus &#xF3;rganos --</subfield>
    <subfield code="t">Objetivo de la moral social. &#xBF;En qu&#xE9; se funda? --</subfield>
    <subfield code="t">Exposici&#xF3;n de las relaciones --</subfield>
    <subfield code="t">Clasificaci&#xF3;n de relaciones --</subfield>
    <subfield code="t">An&#xE1;lisis de las relaciones del hombre con la sociedad; relaci&#xF3;n de necesidad --</subfield>
    <subfield code="t">Segunda relaci&#xF3;n --</subfield>
    <subfield code="t">Relaci&#xF3;n de gratitud --</subfield>
    <subfield code="t">Tercera relaci&#xF3;n --</subfield>
    <subfield code="t">Relaci&#xF3;n de utilidad --</subfield>
    <subfield code="t">Cuarta relaci&#xF3;n --</subfield>
    <subfield code="t">Relaci&#xF3;n de derecho --</subfield>
    <subfield code="t">Quinta relaci&#xF3;n --</subfield>
    <subfield code="t">Relaci&#xF3;n del deber --</subfield>
    <subfield code="t">Del deber y su funci&#xF3;n en la econom&#xED;a moral del mundo --</subfield>
    <subfield code="t">En qu&#xE9; se fundan los deberes sociales --</subfield>
    <subfield code="t">Deberes derivados de nuestras relaciones con la sociedad --</subfield>
    <subfield code="t">El deber del trabajo --</subfield>
    <subfield code="t">Sus modificaciones en los diversos grupos sociales --</subfield>
    <subfield code="t">Deber de obediencia y sus modificaciones --</subfield>
    <subfield code="t">Por qu&#xE9; no se d&#xE1; su nombre a los deberes derivados de la relaci&#xF3;n de utilidad --</subfield>
    <subfield code="t">Cooperaci&#xF3;n --</subfield>
    <subfield code="t">Uni&#xF3;n --</subfield>
    <subfield code="t">Abnegaci&#xF3;n --</subfield>
    <subfield code="t">Conciliaci&#xF3;n --</subfield>
    <subfield code="t">Deberes deducidos de la relaci&#xF3;n de derecho --</subfield>
    <subfield code="t">El derecho armado --</subfield>
    <subfield code="t">Deberes que imponen --</subfield>
    <subfield code="t">El deber de los deberes --</subfield>
    <subfield code="t">Los conflictos del deber --</subfield>
    <subfield code="t">La regla de los conflictos --</subfield>
    <subfield code="t">Deberes complementarios --</subfield>
    <subfield code="t">Deberes complemetarios --</subfield>
    <subfield code="t">La moral y las actividades de la vida --</subfield>
    <subfield code="t">Enlace de la moral con la pol&#xED;tica --</subfield>
    <subfield code="t">La moral social y los profesionales --</subfield>
    <subfield code="t">La moral y la escuela --</subfield>
    <subfield code="t">La moral y la iglesia cat&#xF3;lica --</subfield>
    <subfield code="t">La moral y el protestantismo --</subfield>
    <subfield code="t">La moral y las religiones filos&#xF3;ficas --</subfield>
    <subfield code="t">La moral y la ciencia --</subfield>
    <subfield code="t">La moral y el arte --</subfield>
    <subfield code="t">La moral y la literatura --</subfield>
    <subfield code="t">La dram&#xE1;tica --</subfield>
    <subfield code="t">La moral y la historia --</subfield>
    <subfield code="t">La moral y el periodismo --</subfield>
    <subfield code="t">La moral y la industria --</subfield>
    <subfield code="t">La moral y el tiempo.</subfield>
  </datafield>
  <datafield tag="590" ind1=" " ind2=" ">
    <subfield code="a">Inventariado, 2019/VM</subfield>
  </datafield>
  <datafield tag="650" ind1=" " ind2="0">
    <subfield code="a">&#xC9;tica social </subfield>
    <subfield code="9">1353</subfield>
  </datafield>
  <datafield tag="910" ind1=" " ind2=" ">
    <subfield code="a">Validado. Control de calidad BNPHU</subfield>
  </datafield>
  <datafield tag="952" ind1=" " ind2=" ">
    <subfield code="0">0</subfield>
    <subfield code="1">0</subfield>
    <subfield code="5">0</subfield>
    <subfield code="7">1</subfield>
    <subfield code="8">RV</subfield>
    <subfield code="a">PD</subfield>
    <subfield code="b">PD</subfield>
    <subfield code="c">HD</subfield>
    <subfield code="d">2019-02-07</subfield>
    <subfield code="i">LF1</subfield>
    <subfield code="l">0</subfield>
    <subfield code="o">177 H831m,1888</subfield>
    <subfield code="p">32088-10</subfield>
    <subfield code="r">2020-06-25</subfield>
    <subfield code="w">2020-06-25</subfield>
    <subfield code="y">1</subfield>
    <subfield code="Z">No se presta</subfield>
  </datafield>
  <datafield tag="999" ind1=" " ind2=" ">
    <subfield code="c">31579</subfield>
    <subfield code="d">31579</subfield>
  </datafield>
</record>
